01324nam a2200241 i 4500001001000000003000900010005001700019007000300036008004100039040003000080082002500110111010500135245009500240264004400335300004000379336002700419337003300446338002800479500036100507650008000868700004400948710009000992000016434DO-SdBNP20250128145140.0ta100305s1976 dr c r 000 0 spa d aDO-SdBNPbspacBNPHUerda 4a372.97293bS471c2222 aSeminario sobre la reforma de la educación primariad(24, 25 y 26 de octubre de 1976 :cJarabacoa)10aConclusiones y recomendaciones del seminario sobre la reforma de la educación primaria / 1aSanto Domingo :bEditora SEEBAC,c1975. a148 páginas :bretratos ;c23 cm. atextobtxt2rdacontent asin mediaciónbn2rdamedia avolumenbnc2rdacarrier aInforme final correspondiente al seminario celebrado los días 24, 25 y 26 de octubre de 1975 en el hotel Pinar Dorado de Jarabacoa para estudiar y analizar el informe preparado en febrero del presente año, por técnico de UNESCO y la Secretaría de Estado de Educación, Bellas Artes y Cultos, sobre la reforma de la educación primaria dominicana. 4aEducación primariazRepública DominicanaxCongresos, conferencias, etc.1 aMatos Berrido, Leonardoepresentación1 aRepública Dominicana.bSecretaría de Estado de Educación, Bellas Artes y Cultos